[Event "Mexico City Revolucion op"]
[Site "Mexico City"]
[Date "2024.11.18"]
[Round "9"]
[White "Gonzalez Zharikov, Andrey"]
[Black "Duran Vega, Sergio"]
[Result "0-1"]
[WhiteElo "2107"]
[BlackElo "2313"]
[PlyCount "82"]
[EventDate "2024.11.13"]
[EventType "swiss"]
[EventRounds "9"]
[EventCountry "MEX"]
[SourceTitle "CB47_2024"]
[SourceDate "2024.11.20"]
[SourceVersion "1"]
[SourceVersionDate "2024.11.20"]
[SourceQuality "1"]

1. e4 c6 2. Nf3 d5 3. Nc3 Bg4 4. h3 Bxf3 5. Qxf3 e6 6. g3 Nd7 7. d4 Qb6 8. Bg2 Qxd4 9. 0-0 dxe4 10. Qe2 Ngf6 11. Rd1 Qb6 12. Be3 Qc7 13. Bf4 e5 14. Nxe4 Be7 15. Nxf6+ Bxf6 16. Bd2 0-0 17. Bb4 Rfe8 18. c4 Be7 19. Bc3 Bc5 20. b4 Bf8 21. Qc2 g6 22. a4 a5 23. bxa5 Nc5 24. Re1 f5 25. h4 e4 26. Re3 Bg7 27. Bxg7 Qxg7 28. Rae1 Qd4 29. Rd1 Qe5 30. Qe2 Rxa5 31. f3 Rxa4 32. fxe4 fxe4 33. Re1 Ra1 34. Kh2 Rxe1 35. Qxe1 Qd4 36. Qe2 Kg7 37. h5 Re5 38. hxg6 hxg6 39. g4 Re8 40. Kg1 Nd3 41. Kh2 Nf4 0-1

[Event "Mexico City Revolucion op"]
[Site "Mexico City"]
[Date "2024.11.14"]
[Round "3"]
[White "Gutierrez Delgado, Yusuan Alfredo"]
[Black "Gonzalez Zharikov, Andrey"]
[Result "1/2-1/2"]
[WhiteElo "2304"]
[BlackElo "2107"]
[PlyCount "108"]
[EventDate "2024.11.13"]
[EventType "swiss"]
[EventRounds "9"]
[EventCountry "MEX"]
[SourceTitle "CB47_2024"]
[SourceDate "2024.11.20"]
[SourceVersion "1"]
[SourceVersionDate "2024.11.20"]
[SourceQuality "1"]

1. e4 c6 2. d4 d5 3. e5 Bf5 4. h4 h5 5. Bg5 Qb6 6. Bd3 Bxd3 7. Qxd3 Qa6 8. Qh3 e6 9. Nc3 Nd7 10. Nge2 c5 11. 0-0 Nh6 12. Rad1 g6 13. dxc5 Nf5 14. Ng3 Nxg3 15. Qxg3 Bg7 16. Rfe1 0-0 17. Qf4 Qc6 18. b4 a5 19. a3 axb4 20. axb4 b6 21. Be7 Rfe8 22. Bd6 bxc5 23. Rd3 cxb4 24. Rf3 Rf8 25. Qxb4 Nb6 26. Bxf8 Rxf8 27. Qd6 Qxd6 28. exd6 Nc4 29. Nb5 Rd8 30. Rb3 Bf8 31. Ra1 Bxd6 32. Nxd6 Nxd6 33. Ra7 Kg7 34. Rc7 Rc8 35. Rxc8 Nxc8 36. Kf1 Nd6 37. g3 Ne4 38. Ke2 f5 39. Ke3 Kf6 40. Rb6 Ke7 41. f3 Nd6 42. Kd4 Nc4 43. Rc6 Nd6 44. Ke5 Nf7+ 45. Kd4 Nd6 46. Ke5 Nf7+ 47. Kd4 Nd6 48. Ra6 Nc4 49. Ra7+ Kf6 50. Rc7 Nd6 51. Rc6 Ke7 52. c3 Kd7 53. Rb6 Ke7 54. Ra6 Nc4 1/2-1/2

[Event "Titled Tuesday intern op 09th Jul Late"]
[Site "Chess.com INT"]
[Date "2024.07.09"]
[Round "5"]
[White "Antoniou, Rafail"]
[Black "Gonzalez Zharikov, Andrey"]
[Result "1-0"]
[WhiteElo "2027"]
[BlackElo "2108"]
[PlyCount "45"]
[EventDate "2024.07.09"]
[EventType "swiss (blitz)"]
[EventRounds "11"]
[EventCountry "USA"]
[SourceTitle "EXT 2025"]
[Source "ChessBase"]
[SourceDate "2024.10.14"]
[SourceVersion "1"]
[SourceVersionDate "2024.10.14"]
[SourceQuality "1"]

1. d4 Nf6 2. c4 e6 3. Nc3 Bb4 4. g3 0-0 5. Bg2 d5 6. Qb3 Nc6 7. Nf3 Ne4 8. 0-0 Bxc3 9. bxc3 Na5 10. Qc2 Nxc4 11. Bf4 c5 12. dxc5 Nxc5 13. Rfd1 Qa5 14. Ne5 Nxe5 15. Bxe5 Qa4 16. Qxa4 Nxa4 17. e4 Nb6 18. Bd6 Rd8 19. Bc7 Rd7 20. Bxb6 axb6 21. exd5 exd5 22. Bxd5 Ra5 23. Bxb7 1-0

[Event "Titled Tuesday intern op 09th Jul Late"]
[Site "Chess.com INT"]
[Date "2024.07.09"]
[Round "4"]
[White "Badacsonyi, Stanley Ethan Artie"]
[Black "Gonzalez Zharikov, Andrey"]
[Result "1/2-1/2"]
[WhiteElo "2178"]
[BlackElo "2108"]
[PlyCount "104"]
[EventDate "2024.07.09"]
[EventType "swiss (blitz)"]
[EventRounds "11"]
[EventCountry "USA"]
[SourceTitle "EXT 2025"]
[Source "ChessBase"]
[SourceDate "2024.10.14"]
[SourceVersion "1"]
[SourceVersionDate "2024.10.14"]
[SourceQuality "1"]

1. d4 Nf6 2. Nc3 d5 3. Bf4 a6 4. e3 Nbd7 5. Nf3 c5 6. dxc5 Nxc5 7. Be2 e6 8. 0-0 Be7 9. Re1 0-0 10. Ne5 Nfe4 11. Nxe4 Nxe4 12. c4 f6 13. Nf3 e5 14. Bg3 Be6 15. cxd5 Qxd5 16. Qxd5 Bxd5 17. Red1 Bc6 18. Nd2 Nxg3 19. hxg3 Rfd8 20. Nc4 Rxd1+ 21. Rxd1 Rd8 22. Rc1 Bb5 23. Rc2 Rc8 24. b3 Kf8 25. e4 Bd7 26. Rd2 Be6 27. f3 Ke8 28. Kh2 Rd8 29. Rc2 Rc8 30. Rd2 Rd8 31. Rb2 Bc5 32. a4 Rd7 33. b4 Bd4 34. Rc2 Ke7 35. b5 axb5 36. axb5 b6 37. Rd2 Rc7 38. Rc2 g6 39. Bd3 f5 40. exf5 gxf5 41. Ne3 Rxc2 42. Nxc2 Bc5 43. g4 fxg4 44. Bxh7 gxf3 45. gxf3 Kf6 46. Bd3 Bb3 47. Kg3 Bxc2 48. Bxc2 Bd4 49. Be4 Bc5 50. f4 exf4+ 51. Kxf4 Bd4 52. Bc6 Bc5 1/2-1/2

[Event "Titled Tuesday intern op 25th Jun Late"]
[Site "Chess.com INT"]
[Date "2024.06.25"]
[Round "1"]
[White "Cori, Jorge Moise"]
[Black "Gonzalez Zharikov, Andrey"]
[Result "1-0"]
[WhiteElo "2613"]
[BlackElo "2084"]
[PlyCount "53"]
[EventDate "2024.06.25"]
[EventType "swiss (blitz)"]
[EventRounds "11"]
[EventCountry "USA"]
[SourceTitle "EXT 2025"]
[Source "ChessBase"]
[SourceDate "2024.10.14"]
[SourceVersion "1"]
[SourceVersionDate "2024.10.14"]
[SourceQuality "1"]

1. d4 Nf6 2. Nf3 e6 3. e3 c5 4. Bd3 Nc6 5. 0-0 Be7 6. b3 b6 7. Bb2 Bb7 8. a3 0-0 9. Nbd2 cxd4 10. exd4 d5 11. Qe2 Rc8 12. Ne5 Nxe5 13. dxe5 Nd7 14. b4 a5 15. Qg4 Qc7 16. Nf3 d4 17. Bxd4 Bxf3 18. Qxf3 Nxe5 19. Bxh7+ Kxh7 20. Qh5+ Kg8 21. Bxe5 Qxc2 22. Qg4 Qh7 23. Rac1 axb4 24. axb4 f5 25. Qd4 Qg6 26. Qxb6 Bxb4 27. Qxb4 1-0

[Event "Titled Tuesday intern op 25th Jun Late"]
[Site "Chess.com INT"]
[Date "2024.06.25"]
[Round "5"]
[White "Hambleton, Aman"]
[Black "Gonzalez Zharikov, Andrey"]
[Result "1/2-1/2"]
[WhiteElo "2420"]
[BlackElo "2084"]
[PlyCount "93"]
[EventDate "2024.06.25"]
[EventType "swiss (blitz)"]
[EventRounds "11"]
[EventCountry "USA"]
[SourceTitle "EXT 2025"]
[Source "ChessBase"]
[SourceDate "2024.10.14"]
[SourceVersion "1"]
[SourceVersionDate "2024.10.14"]
[SourceQuality "1"]

1. e4 c6 2. Nc3 d5 3. f4 dxe4 4. Nxe4 Nf6 5. Nf2 g6 6. b3 Bg7 7. Bb2 0-0 8. Nf3 c5 9. g3 Nc6 10. Bg2 Qc7 11. 0-0 Rd8 12. Qe2 Bf5 13. Rfe1 Nd4 14. Nxd4 cxd4 15. c4 dxc3 16. dxc3 Rd7 17. c4 Rad8 18. Rad1 Rxd1 19. Rxd1 Rxd1+ 20. Qxd1 b6 21. Be5 Qc8 22. Qd4 Ne8 23. Bxg7 Nxg7 24. g4 Be6 25. Bf3 h5 26. h3 hxg4 27. hxg4 Qd7 28. Qxd7 Bxd7 29. Nd3 Ne6 30. Kf2 f6 31. Bd5 Kg7 32. Bxe6 Bxe6 33. g5 Bf5 34. Nb4 Bd7 35. Nd5 Kf7 36. Ke3 Bc6 37. Nb4 Bb7 38. Nd3 e5 39. gxf6 exf4+ 40. Kxf4 Kxf6 41. c5 g5+ 42. Ke3 Kf5 43. cxb6 axb6 44. a4 g4 45. b4 g3 46. a5 bxa5 47. bxa5 1/2-1/2

[Event "Titled Tuesday intern op 25th Jun Late"]
[Site "Chess.com INT"]
[Date "2024.06.25"]
[Round "4"]
[White "Norowitz, Yaacov"]
[Black "Gonzalez Zharikov, Andrey"]
[Result "1-0"]
[WhiteElo "2402"]
[BlackElo "2084"]
[PlyCount "79"]
[EventDate "2024.06.25"]
[EventType "swiss (blitz)"]
[EventRounds "11"]
[EventCountry "USA"]
[SourceTitle "EXT 2025"]
[Source "ChessBase"]
[SourceDate "2024.10.14"]
[SourceVersion "1"]
[SourceVersionDate "2024.10.14"]
[SourceQuality "1"]

1. d4 Nf6 2. e3 g6 3. Nf3 Bg7 4. Be2 0-0 5. 0-0 d6 6. b3 c5 7. Bb2 Nc6 8. d5 Nb8 9. c4 e6 10. dxe6 Bxe6 11. Nc3 d5 12. Ng5 Ne4 13. Nxe6 Nxc3 14. Bxc3 fxe6 15. Bxg7 Kxg7 16. Bf3 Nc6 17. cxd5 Ne5 18. Be4 Qh4 19. Qc2 Rae8 20. h3 exd5 21. Bxd5 Rf5 22. f4 Ng4 23. hxg4 Rxd5 24. Qc3+ Kf8 25. Rad1 Rxd1 26. Rxd1 Qxg4 27. Qf6+ Kg8 28. Rd8 Rxd8 29. Qxd8+ Kf7 30. Qc7+ Kf6 31. Qxc5 Qd1+ 32. Kh2 Qe2 33. Qf8+ Ke6 34. Qg8+ Kf5 35. Qxh7 Qxe3 36. Qf7+ Kg4 37. Qxg6+ Kxf4 38. Qh6+ Ke4 39. Qxe3+ Kxe3 40. Kg3 1-0

[Event "Titled Tuesday intern op 18th Jun Late"]
[Site "Chess.com INT"]
[Date "2024.06.18"]
[Round "2"]
[White "Gonzalez Zharikov, Andrey"]
[Black "De Souza, Arthur Olintho"]
[Result "1-0"]
[WhiteElo "2084"]
[BlackElo "2113"]
[PlyCount "27"]
[EventDate "2024.06.18"]
[EventType "swiss (blitz)"]
[EventRounds "11"]
[EventCountry "USA"]
[SourceTitle "EXT 2025"]
[Source "ChessBase"]
[SourceDate "2024.10.14"]
[SourceVersion "1"]
[SourceVersionDate "2024.10.14"]
[SourceQuality "1"]

1. Nf3 d5 2. g3 Nf6 3. Bg2 c5 4. 0-0 Nc6 5. d3 e5 6. c4 dxc4 7. dxc4 Qxd1 8. Rxd1 Be6 9. b3 Rd8 10. Rxd8+ Kxd8 11. Bb2 Bd6 12. Nc3 h6 13. Rd1 Kc7 14. Nb5+ 1-0

[Event "Titled Tuesday intern op 28th May Late"]
[Site "Chess.com INT"]
[Date "2024.05.28"]
[Round "10"]
[White "Vasquez Schroder, Rodrigo Rafael"]
[Black "Gonzalez Zharikov, Andrey"]
[Result "1-0"]
[WhiteElo "2475"]
[BlackElo "2047"]
[PlyCount "95"]
[EventDate "2024.05.28"]
[EventType "swiss (blitz)"]
[EventRounds "11"]
[EventCountry "USA"]
[SourceTitle "EXT 2025"]
[Source "ChessBase"]
[SourceDate "2024.10.14"]
[SourceVersion "1"]
[SourceVersionDate "2024.10.14"]
[SourceQuality "1"]

1. e4 c6 2. d4 d5 3. exd5 cxd5 4. c4 Nf6 5. Nc3 Nc6 6. Bg5 dxc4 7. d5 Ne5 8. Bxc4 Nxc4 9. Qa4+ Bd7 10. Qxc4 h6 11. Bf4 Rc8 12. Qb3 Qb6 13. Qxb6 axb6 14. Nf3 g5 15. Be5 Bg7 16. 0-0 0-0 17. Rfe1 Rfe8 18. h3 b5 19. a3 Rc4 20. Rad1 b4 21. Nd2 Rh4 22. axb4 Rxb4 23. b3 Rc8 24. Rc1 Bf5 25. Na2 Rb6 26. Rxc8+ Bxc8 27. Nc4 Ra6 28. Nb4 b5 29. Nxa6 bxc4 30. Bxf6 Bxf6 31. Nc5 cxb3 32. Nxb3 Bb7 33. Rd1 Be5 34. Nc5 Bc8 35. g4 h5 36. f3 hxg4 37. hxg4 f5 38. gxf5 Bxf5 39. Kg2 g4 40. f4 Bd6 41. Ne6 Bxe6 42. dxe6 Bxf4 43. Rd4 Bd6 44. Rxg4+ Kf8 45. Kf3 Be5 46. Ke4 Bf6 47. Kf4 Ke8 48. Rg8# 1-0

[Event "Titled Tuesday intern op 30th Apr Late"]
[Site "Chess.com INT"]
[Date "2024.04.30"]
[Round "9"]
[White "Gonzalez Zharikov, Andrey"]
[Black "Quirke, Jeffrey"]
[Result "1-0"]
[WhiteElo "2037"]
[BlackElo "1992"]
[PlyCount "103"]
[EventDate "2024.04.30"]
[EventType "swiss (blitz)"]
[EventRounds "11"]
[EventCountry "USA"]
[SourceTitle "EXT 2025"]
[Source "ChessBase"]
[SourceDate "2024.10.14"]
[SourceVersion "1"]
[SourceVersionDate "2024.10.14"]
[SourceQuality "1"]

1. b4 d5 2. Bb2 Bf5 3. Nf3 e6 4. a3 a5 5. b5 a4 6. e3 Nf6 7. Be2 Bd6 8. 0-0 Nbd7 9. Nc3 c6 10. Nd4 Qb6 11. Nxf5 exf5 12. Rb1 Qc7 13. h3 0-0 14. bxc6 bxc6 15. f4 Rfe8 16. Bf3 Nc5 17. Ne2 Nfd7 18. Nd4 g6 19. g4 fxg4 20. hxg4 Bf8 21. Kg2 Bg7 22. Rh1 Rab8 23. Ba1 Rxb1 24. Qxb1 Rb8 25. Qe1 Nf8 26. g5 Qd6 27. Qh4 Ne4 28. d3 Nd2 29. f5 Nxf3 30. Kxf3 c5 31. f6 cxd4 32. fxg7 Kxg7 33. Bxd4+ Kg8 34. Qh6 Ne6 35. Qxh7+ Kf8 36. Bf6 Ke8 37. Qg8+ Nf8 38. Rh7 Qe6 39. Rh8 Kd7 40. Qg7 Kc6 41. Rxf8 Rxf8 42. Qxf8 Qf5+ 43. Ke2 Qg4+ 44. Kd2 Qg2+ 45. Kc3 Qe2 46. Qe8+ Kb7 47. Qd7+ Kb8 48. Qd6+ Kb7 49. Qxd5+ Ka7 50. Qc5+ Kb7 51. Qb5+ Kc8 52. Be5 1-0

[Event "Titled Tuesday intern op 30th Apr Late"]
[Site "Chess.com INT"]
[Date "2024.04.30"]
[Round "4"]
[White "Maltsevskaya, Aleksandra"]
[Black "Gonzalez Zharikov, Andrey"]
[Result "1-0"]
[WhiteElo "2393"]
[BlackElo "2037"]
[PlyCount "126"]
[EventDate "2024.04.30"]
[EventType "swiss (blitz)"]
[EventRounds "11"]
[EventCountry "USA"]
[SourceTitle "EXT 2025"]
[Source "ChessBase"]
[SourceDate "2024.10.14"]
[SourceVersion "1"]
[SourceVersionDate "2024.10.14"]
[SourceQuality "1"]

1. g3 d5 2. Bg2 Nf6 3. b3 g6 4. Bb2 Bg7 5. e3 0-0 6. Ne2 c6 7. d3 Nbd7 8. Nd2 a5 9. a3 e5 10. 0-0 Qe7 11. c4 Nc5 12. d4 Nd3 13. Bc3 e4 14. Nc1 Nxc1 15. Qxc1 Bg4 16. b4 a4 17. b5 Rfc8 18. bxc6 bxc6 19. Rb1 h5 20. Re1 h4 21. Rb6 hxg3 22. hxg3 Qd7 23. Qb2 Bh3 24. Rb7 Qg4 25. Nf1 Qh5 26. Nh2 g5 27. Bb4 Kh7 28. Be7 Kg6 29. Bxf6 Bxf6 30. Qe2 Qxe2 31. Rxe2 Be6 32. c5 Bd8 33. f3 f5 34. g4 exf3 35. Nxf3 Bc7 36. Rxc7 Rxc7 37. Ne5+ Kg7 38. Rb2 fxg4 39. Rb6 Bd7 40. e4 dxe4 41. Bxe4 Rd8 42. Kg2 Rf8 43. Bxc6 Bxc6+ 44. Nxc6 Rf3 45. d5 Rxa3 46. d6 Rf7 47. Ne5 Ra2+ 48. Kg3 a3 49. Nxf7 Kxf7 50. d7 Ke7 51. c6 Rc2 52. Rb8 Rd2 53. Re8+ Kf7 54. c7 a2 55. d8Q a1Q 56. Rf8+ Ke6 57. Qxd2 Qe5+ 58. Kxg4 Qe4+ 59. Kxg5 Qe5+ 60. Kg6 Qe4+ 61. Kh6 Qh4+ 62. Kg7 Qe7+ 63. Kg8 Qxc7 1-0